Loading...
| Philosophy | 0 | 6 | 2 | 0 | 50 | 50 | 69.00 | 5 | 6 | 23.07 | 51.14 |
| Social Science | 0 | 5 | 2 | 2 | 40 | 49 | 73.00 | 2 | 4 | 16.26 | 34.09 |
| Mythology | 0 | 3 | 0 | 0 | 30 | 40 | 59.67 | 3 | 3 | 15.25 | 27.27 |
| Science - Other | 0 | 2 | 0 | 1 | 20 | 48 | 66.50 | 0 | 2 | 7.54 | 14.77 |
| Fine Arts - Other | 0 | 2 | 0 | 0 | 20 | 48 | 69.00 | 1 | 2 | 8.08 | 17.05 |
| Fine Arts - Painting and Sculpture | 0 | 2 | 0 | 0 | 20 | 79 | 79.50 | 0 | 2 | 6.79 | 14.77 |
| Literature - European | 0 | 1 | 0 | 0 | 10 | 119 | 119.00 | 0 | 1 | 1.97 | 6.82 |
| History - European | 0 | 1 | 0 | 0 | 10 | 126 | 126.00 | 0 | 1 | 0.00 | 2.27 |
| History - Other | 0 | 3 | 4 | 0 | 10 | 83 | 95.33 | 0 | 3 | 6.20 | 17.05 |
| Other Academic | 0 | 1 | 0 | 0 | 10 | 51 | 51.00 | 0 | 1 | 14.10 | 21.88 |
| Religion | 0 | 1 | 2 | 0 | 0 | 135 | 135.00 | 0 | 1 | 0.20 | 6.82 |
| Fine Arts - Classical Music | 0 | 0 | 1 | 0 | -5 | 0.00 | 0 | 0 | 0.00 | 0.00 | |
| History - World | 0 | 0 | 1 | 0 | -5 | 0.00 | 0 | 0 | 0.00 | 0.00 | |
| Literature - American | 0 | 0 | 2 | 0 | -10 | 0.00 | 0 | 0 | 0.00 | 0.00 |